Internet v pojišťovnictví
Využívanie internetu obyvateľmi v ČR. Charakteristika produktov poisťovní ponúkaných na internete. Správa poistenia, zmeny poistných zmlúv prostredníctvom internetu. Prepojenie správy s internetovým bankovníctvom.
Guardado en:
| Autor principal: | |
|---|---|
| Formato: | Capítulo de libro |
| Lenguaje: | checo |
| Materias: | |
| Etiquetas: |
Sin Etiquetas, Sea el primero en etiquetar este registro!
|
MARC
| LEADER | 00000naa$a2200000$$$4500 | ||
|---|---|---|---|
| 001 | 0050291 | ||
| 005 | 20230927102706.3 | ||
| 041 | 0 | |a cze | |
| 044 | |a CZ | ||
| 245 | 1 | 0 | |a Internet v pojišťovnictví |c Marek Vích |
| 520 | |a Využívanie internetu obyvateľmi v ČR. Charakteristika produktov poisťovní ponúkaných na internete. Správa poistenia, zmeny poistných zmlúv prostredníctvom internetu. Prepojenie správy s internetovým bankovníctvom. | ||
| 610 | 2 | 0 | |a technológie informačné |
| 610 | 2 | 0 | |a zmluvy poistné |
| 610 | 2 | 0 | |a produkty |
| 610 | 2 | 0 | |a zmluvy poistné |
| 610 | 2 | 0 | |a internet |
| 610 | 2 | 0 | |a poisťovne |
| 100 | 1 | |a Vích, Marek | |